Ali baba

Bibliographic Details
Format: Book

MARC

LEADER 00000cam a2200000 7i4500
001 0000009972
002 000010865
005 20000330.0
020 |a 185964032X 
090 0 0 |a JF   |b ALI 
245 1 0 |a Ali baba 
999 |a 048518   |b BUKU   |c PINJAMAN   |e PERPUSTAKAAN KOMUNITI PETALING JAYA